000 00343nam a2200109Ia 4500
008 230907s9999||||xx |||||||||||||| ||und||
082 _a658.26
_bWOO
100 _aWoodroof, Erix
_9118032
245 _aHow to finance energy management projects: solving the lack of capital problem /
_cErix Woodroof.
260 _c2019-09-27
942 _2ddc
_cEB
999 _c599637
_d599637